| 000 | 00627cam a22001457a 4500 | ||
|---|---|---|---|
| 008 | 180718b1995 xxu||||| |||| 00| 0 eng d | ||
| 082 | _aT39x5 Un3 | ||
| 100 | _a. Economic and Social Commission for Asia and the Pacific,Conference on Trade and Development | ||
| 245 |
_aTransnational corporations and selected service industries in Asia and the Pacific _cby Economic and Social Commission for Asia and the Pacific,Conference on Trade and Development |
||
| 260 |
_aNew York _bThe author _c1995 |
||
| 300 | _a281p | ||
| 440 | _aMonograph no 4 | ||
| 650 | _aService industries - Asia | ||
| 650 | _aMultinational corporations - Asia | ||
| 999 |
_c481420 _d481420 |
||